Les Agrumes, (Record no. 22346)

000 -LEADER
fixed length control field 00330cam a2200133u 4500
040 ## - CATALOGING SOURCE
Transcribing agency CarP
082 ## - DEWEY DECIMAL CLASSIFICATION NUMBER
Classification number 369 PRA 1971 C096 Or.
245 04 - TITLE STATEMENT
Title Les Agrumes,
260 ## - PUBLICATION, DISTRIBUTION, ETC. (IMPRINT)
Place of publication Paris,
Name of publisher G.-P. Maisonneuve & Larose
Year of publication [1971]
300 ## - PHYSICAL DESCRIPTION
Number of Pages p. cm.
650 #0 - SUBJECT ADDED ENTRY--TOPICAL TERM
Topical Term Citrus fruits.
700 1# - ADDED ENTRY--PERSONAL NAME
Personal name Praloran, J. C., [from old catalog]
942 ## - ADDED ENTRY ELEMENTS (KOHA)
Koha item type ADB
952 ## - LOCATION AND ITEM INFORMATION (KOHA)
Withdrawn status [LOCAL, KOHA] 0
Holdings
Permanent Location Date acquired Koha item type Lost status Shelving location Barcode Current Location Full call number
Library Block C2023-12-06ADB C096a074896Library Block C369 PRA 1971 C096 Or.
មជ្ឈមណ្ឌលឯការនៃសាកលវិទ្យាល័យភូមិន្ទកសិកម្មចំការដូង

Powered by Koha